| 000 | 01030nam a2200265 a 4500 | ||
|---|---|---|---|
| 001 | 000023071 | ||
| 005 | 20250603103845.0 | ||
| 008 | 101125s1994 mx a 001 0 spa d | ||
| 020 | _a9688803766 | ||
| 040 |
_aDO-SdBNP _bspa _cBNPHU |
||
| 082 |
_a657.48 _bH816c, 1994 |
||
| 100 | 1 |
_aHorngren, Charles T., _d1926- _947494 |
|
| 245 | 1 | 0 |
_aContabilidad financiera / _cCharles T. Horngren, Gary L. Sundem, John A. Elliott ; traducción de Claudia Josephine Reynaud Cesario ; revisión técnica de Héctor A. Sánchez Rüed. |
| 250 | _a5a ed. | ||
| 260 |
_aMéxico : _bPrentice Hall Hispanoamericana, _c1994. |
||
| 300 |
_axx, 914 p. : _bil. ; _c25 cm. |
||
| 534 |
_pTraducción de la quinta edición en inglés de la obra: _tIntroduction to financial accounting. |
||
| 650 | 0 |
_aContabilidad _95846 |
|
| 700 | 1 |
_aSundem, Gary L. _947495 |
|
| 700 | 1 |
_aElliott, John A. _947496 |
|
| 700 | 1 |
_aReynaud Cesario, Claudia Josephine, _etr. _947497 |
|
| 700 | 1 |
_aSánchez Rüed, Héctor A., _erev. _947498 |
|
| 910 | _aWM | ||
| 049 | _aBNGR | ||
| 999 |
_c22568 _d22568 |
||